[Event "GBR-ch111 Major Open"]
[Site "Liverpool"]
[Date "2025.08.09"]
[Round "8.31"]
[White "Munshi, Aryan"]
[Black "Vashisht-Pigem, Raman"]
[Result "1/2-1/2"]
[WhiteElo "1841"]
[BlackElo "1981"]
[PlyCount "77"]
[EventDate "2025.08.02"]
[EventType "swiss"]
[EventRounds "9"]
[EventCountry "GBR"]
[SourceTitle "BritBase"]
[Source "John Saunders"]
[SourceDate "2025.08.11"]
[SourceVersion "1"]
[SourceVersionDate "2025.08.11"]
[SourceQuality "1"]

1. d4 e6 2. g3 Nf6 3. Bg2 d5 4. Nf3 Be7 5. O-O O-O 6. c4 c6 7. Nc3 b6 8. Ne5 Bb7 9. e4 dxc4 10. a4 Ba6 11. Re1 Qc8 12. Qc2 Nbd7 13. Bg5 h6 14. Nxd7 Qxd7 15. Bxf6 Bxf6 16. e5 Be7 17. Red1 Rfd8 18. Qe2 Rac8 19. b3 Qc7 20. bxc4 Rd7 21. Bf1 Rcd8 22. Qe3 Bb4 23. Rab1 Bxc3 24. Qxc3 c5 25. d5 exd5 26. cxd5 Bxf1 27. d6 Qc6 28. Rxf1 Qxa4 29. f4 Qd4+ 30. Qxd4 cxd4 31. Rfd1 f6 32. Rxd4 Kf7 33. Rb5 fxe5 34. fxe5 Rc8 35. Kf2 Rc3 36. Rf4+ Ke6 37. Rf8 Ra3 38. Re8+ Kf7 39. Rc8 1/2-1/2

[Event "GBR-ch111 Major Open"]
[Site "Liverpool"]
[Date "2025.08.09"]
[Round "8.32"]
[White "Vaddhireddy, Sai"]
[Black "Lee, Yuk Hei"]
[Result "0-1"]
[WhiteElo "1972"]
[BlackElo "1868"]
[PlyCount "124"]
[EventDate "2025.08.02"]
[EventType "swiss"]
[EventRounds "9"]
[EventCountry "GBR"]
[SourceTitle "BritBase"]
[Source "John Saunders"]
[SourceDate "2025.08.11"]
[SourceVersion "1"]
[SourceVersionDate "2025.08.11"]
[SourceQuality "1"]

1. d4 d5 2. c4 c6 3. cxd5 cxd5 4. Bf4 Nf6 5. e3 a6 6. Nc3 Nc6 7. Be2 Bf5 8. Nf3 Qb6 9. O-O e6 10. Na4 Qa5 11. Rc1 Be7 12. Qb3 Qb4 13. Qxb4 Bxb4 14. Nb6 Ra7 15. Nc8 Ra8 16. Nb6 Ra7 17. Ne5 Ne7 18. a3 Ba5 19. Nc8 Ra8 20. Nd6+ Kf8 21. Nexf7 Rg8 22. Ne5 g5 23. Bg3 b5 24. Nb7 Bb6 25. Nc5 Ra7 26. a4 bxa4 27. Nxa4 Bd8 28. Nc5 a5 29. Rc3 Kg7 30. Rfc1 h6 31. f3 Re8 32. Bd3 Bb6 33. Na4 Bd8 34. Bxf5 exf5 35. Nc5 Bb6 36. Rb3 Nc8 37. Nc6 Ra8 38. Na4 Bd8 39. Nxd8 Rxd8 40. Rb7+ Kg6 41. Rc6 Na7 42. Rcc7 Nc8 43. Be5 Ne8 44. Rc6+ Kh5 45. g4+ fxg4 46. fxg4+ Kxg4 47. Rxh6 Ncd6 48. Rb3 Ne4 49. Nb6 Ra7 50. Rh8 Rb7 51. Kg2 Nd2 52. Rd3 Ne4 53. h3+ Kf5 54. Rf8+ Ke6 55. Na4 Rc8 56. Kf3 Rh7 57. Rh8 Rf7+ 58. Ke2 Rc2+ 59. Kd1 Rc8 60. Ke2 Rf2+ 61. Ke1 Rc1+ 62. Rd1 Rcc2 0-1

[Event "GBR-ch111 Major Open"]
[Site "Liverpool"]
[Date "2025.08.09"]
[Round "8.33"]
[White "Skettos, Nicolas"]
[Black "Bennett, Max"]
[Result "0-1"]
[WhiteElo "1968"]
[BlackElo "1852"]
[PlyCount "70"]
[EventDate "2025.08.02"]
[EventType "swiss"]
[EventRounds "9"]
[EventCountry "GBR"]
[SourceTitle "BritBase"]
[Source "John Saunders"]
[SourceDate "2025.08.11"]
[SourceVersion "1"]
[SourceVersionDate "2025.08.11"]
[SourceQuality "1"]

1. e4 e6 2. d4 d5 3. Nc3 Bb4 4. e5 Ne7 5. Bd2 c5 6. Nb5 Bxd2+ 7. Qxd2 O-O 8. f4 a6 9. Nd6 Nbc6 10. dxc5 f6 11. Nf3 fxe5 12. fxe5 Ng6 13. Qe3 d4 14. Qd2 b6 15. cxb6 Rxf3 16. gxf3 Ngxe5 17. b7 Bxb7 18. Nxb7 Qb6 19. Bg2 Nc4 20. Qe2 Ne3 21. Nd6 Qb4+ 22. Kf2 Qxd6 23. c3 e5 24. cxd4 exd4 25. Qd3 Rb8 26. b3 Ne5 27. Qe4 Re8 28. Qh4 Qg6 29. Qg3 Qc2+ 30. Kg1 d3 31. Qf2 Qc3 32. Rb1 d2 33. Qe2 Qc2 34. Kf2 Nd3+ 35. Kg3 Nf5+ 0-1

[Event "GBR-ch111 Major Open"]
[Site "Liverpool"]
[Date "2025.08.09"]
[Round "8.34"]
[White "Garnett, John S"]
[Black "Freeman, Luke"]
[Result "0-1"]
[WhiteElo "1816"]
[BlackElo "1963"]
[PlyCount "100"]
[EventDate "2025.08.02"]
[EventType "swiss"]
[EventRounds "9"]
[EventCountry "GBR"]
[SourceTitle "BritBase"]
[Source "John Saunders"]
[SourceDate "2025.08.11"]
[SourceVersion "1"]
[SourceVersionDate "2025.08.11"]
[SourceQuality "1"]

1. d4 Nf6 2. Bg5 d5 3. e3 g6 4. Bxf6 exf6 5. g3 Bd6 6. Bg2 O-O 7. Ne2 c6 8. O-O Nd7 9. Nd2 f5 10. c4 dxc4 11. Nxc4 Bc7 12. Nc3 Nf6 13. Qc2 Be6 14. Nd2 h5 15. Nb3 h4 16. Nc5 Bc8 17. Rfd1 Qe7 18. b4 Ng4 19. Re1 Qg5 20. Nd3 hxg3 21. hxg3 Qh6 22. Ne2 Qh2+ 23. Kf1 g5 24. Ng1 Qh5 25. Nf3 Nh2+ 26. Nxh2 Qxh2 27. b5 Ba5 28. bxc6 bxc6 29. Bxc6 Rb8 30. Reb1 Ba6 31. Ke2 Qh5+ 32. Bf3 g4 33. Bd5 Rbc8 34. Qa4 f4 35. Qxa5 Rc2+ 36. Kd1 Bxd3 37. Rb7 Qh7 38. Rab1 f3 39. Bxf7+ Rxf7 40. Qd8+ Rf8 41. Qg5+ Qg6 42. Qd5+ Kh8 43. Rb8 Rcc8 44. Qe5+ Qg7 45. Qh5+ Bh7 46. R8b7 Rc7 47. R7b5 Rd8 48. Rb8 Rcd7 49. R1b5 Rxd4+ 50. exd4 Qxd4+ 0-1

[Event "GBR-ch111 Major Open"]
[Site "Liverpool"]
[Date "2025.08.09"]
[Round "8.35"]
[White "Mokhber-Garcia, Sebastian"]
[Black "Ruane, Brendan J"]
[Result "1/2-1/2"]
[WhiteElo "1962"]
[BlackElo "1848"]
[PlyCount "176"]
[EventDate "2025.08.02"]
[EventType "swiss"]
[EventRounds "9"]
[EventCountry "GBR"]
[SourceTitle "BritBase"]
[Source "John Saunders"]
[SourceDate "2025.08.11"]
[SourceVersion "1"]
[SourceVersionDate "2025.08.11"]
[SourceQuality "1"]

1. Nf3 Nc6 2. d4 d6 3. e4 Nf6 4. Nc3 g6 5. Be3 Bg7 6. Qd2 Bg4 7. Be2 Bxf3 8. Bxf3 e5 9. d5 Ne7 10. Be2 O-O 11. h4 b5 12. Bxb5 Ng4 13. f3 Nxe3 14. Qxe3 a6 15. Be2 f5 16. O-O-O f4 17. Qd3 Qb8 18. Na4 Nc8 19. Qb3 Qa7 20. Kb1 Rb8 21. Qd3 Nb6 22. Nc3 Ra8 23. Ka1 Rfb8 24. a3 Nd7 25. Na2 Nc5 26. Qc4 Qb7 27. Rb1 a5 28. Nc3 Ra6 29. Na4 Rba8 30. Nxc5 dxc5 31. d6+ Kh8 32. d7 Rd6 33. Rbd1 Rb8 34. b3 Qc6 35. h5 g5 36. h6 Bf8 37. Qf7 Rf6 38. Qh5 Rxh6 39. Qf7 Rxh1 40. Re1 Rg1 41. Rxg1 Bg7 42. Rh1 h6 43. Qf5 Rd8 44. Rd1 Qd6 45. Qf7 Qf6 46. Qe8+ Qf8 47. Qe6 Qf6 48. Bc4 Qxe6 49. Bxe6 Bf8 50. Kb2 Kg7 51. Kc3 Kf6 52. Bf5 Bd6 53. Kc4 Ke7 54. Rh1 Rh8 55. Kb5 h5 56. Kxa5 h4 57. Kb5 Ra8 58. Ra1 Kd8 59. Kc6 c4 60. bxc4 Ra5 61. Be6 Ra6+ 62. Kb5 Rb6+ 63. Ka5 Rb2 64. c5 Bxc5 65. Bb3 Kxd7 66. Kb5 Bxa3 67. Rxa3 Rb1 68. Ra2 g4 69. Kc4 g3 70. c3 Rg1 71. Kd5 Rxg2 72. Rxg2 h3 73. Rg1 c6+ 74. Kxe5 h2 75. Be6+ Kc7 76. Rh1 g2 77. Rxh2 g1=Q 78. Rh7+ Kb6 79. Rf7 Qc5+ 80. Kxf4 Qxc3 81. e5 c5 82. Rd7 Qc1+ 83. Kf5 c4 84. Rd6+ Kb5 85. Rd5+ Kb6 86. Rd6+ Kb5 87. Rd5+ Kb6 88. Rd6+ Kb5 1/2-1/2

[Event "GBR-ch111 Major Open"]
[Site "Liverpool"]
[Date "2025.08.09"]
[Round "8.36"]
[White "Nus, Jonah Bram Erik"]
[Black "McCarthy, Damian M"]
[Result "1/2-1/2"]
[WhiteElo "1724"]
[BlackElo "1924"]
[PlyCount "91"]
[EventDate "2025.08.02"]
[EventType "swiss"]
[EventRounds "9"]
[EventCountry "GBR"]
[SourceTitle "BritBase"]
[Source "John Saunders"]
[SourceDate "2025.08.11"]
[SourceVersion "1"]
[SourceVersionDate "2025.08.11"]
[SourceQuality "1"]

1. e4 c5 2. Nf3 Nc6 3. d4 cxd4 4. Nxd4 g6 5. c4 Nf6 6. Nc3 Nxd4 7. Qxd4 d6 8. Be2 Bg7 9. O-O O-O 10. Qd3 Be6 11. Be3 Qa5 12. b3 Rfc8 13. Bd2 Qb6 14. Rad1 a5 15. Qb1 Bd7 16. a4 Bc6 17. Be3 Qc7 18. h4 h5 19. Qc2 Kh7 20. f4 Bh6 21. Qd3 Rd8 22. f5 Bxe3+ 23. Qxe3 Be8 24. Qg5 Qc5+ 25. Kh1 Qe5 26. fxg6+ fxg6 27. Qxe5 dxe5 28. Bd3 Rd4 29. Bc2 Rad8 30. Rfe1 e6 31. Re2 Bc6 32. Rf1 Kg7 33. Ref2 Rf8 34. Kg1 Rdd8 35. Re2 Rd7 36. Rd1 Rfd8 37. Rxd7+ Rxd7 38. Kf1 Kf7 39. Ke1 Ke7 40. Nd5+ Kf7 41. Nxf6 Kxf6 42. Rf2+ Ke7 43. Ke2 b6 44. Ke3 Rd4 45. Rf1 Rd8 46. g3 1/2-1/2

[Event "GBR-ch111 Major Open"]
[Site "Liverpool"]
[Date "2025.08.09"]
[Round "8.37"]
[White "Chapman, Luke"]
[Black "Kendall, Arthur"]
[Result "1/2-1/2"]
[WhiteElo "1921"]
[BlackElo "1826"]
[PlyCount "48"]
[EventDate "2025.08.02"]
[EventType "swiss"]
[EventRounds "9"]
[EventCountry "GBR"]
[SourceTitle "BritBase"]
[Source "John Saunders"]
[SourceDate "2025.08.11"]
[SourceVersion "1"]
[SourceVersionDate "2025.08.11"]
[SourceQuality "1"]

1. e4 e6 2. d4 d5 3. Nc3 Nf6 4. Bg5 dxe4 5. Nxe4 Be7 6. Bxf6 gxf6 7. Nc3 b6 8. Qf3 c6 9. O-O-O Bb7 10. g3 Nd7 11. Bg2 a6 12. Nge2 f5 13. Rhe1 Nf6 14. Nf4 Qd6 15. Kb1 O-O 16. Nd3 Rab8 17. Bh1 Qxd4 18. Ne5 Qc5 19. g4 fxg4 20. Nxg4 Nxg4 21. Qxg4+ Kh8 22. Rd7 Qxf2 23. Red1 Qh4 24. Qe2 Rfd8 1/2-1/2

[Event "GBR-ch111 Major Open"]
[Site "Liverpool"]
[Date "2025.08.09"]
[Round "8.38"]
[White "Melia, Alfie"]
[Black "Islam, Mohammed"]
[Result "1-0"]
[WhiteElo "1904"]
[BlackElo "1803"]
[PlyCount "113"]
[EventDate "2025.08.02"]
[EventType "swiss"]
[EventRounds "9"]
[EventCountry "GBR"]
[SourceTitle "BritBase"]
[Source "John Saunders"]
[SourceDate "2025.08.11"]
[SourceVersion "1"]
[SourceVersionDate "2025.08.11"]
[SourceQuality "1"]

1. d4 d5 2. c4 e6 3. Nc3 Nf6 4. Bg5 Nbd7 5. e3 c6 6. Nf3 Bd6 7. Qc2 h6 8. Bh4 O-O 9. Rc1 Re8 10. Bd3 e5 11. cxd5 cxd5 12. Bg3 Qe7 13. dxe5 Nxe5 14. Nxe5 Bxe5 15. O-O Bd7 16. Bb5 Rac8 17. Bxe5 Bxb5 18. Bxf6 Qxf6 19. Rfd1 Re5 20. Nxd5 Qc6 21. Qxc6 Bxc6 22. Nb4 Re6 23. Rc3 a5 24. Nxc6 Rexc6 25. Rdd3 b5 26. Kf1 b4 27. Rxc6 Rxc6 28. Ke2 Rc2+ 29. Rd2 Rc1 30. b3 f6 31. g3 Kf7 32. Kd3 Rc3+ 33. Ke4 Rc5 34. Rd5 Rc2 35. Rxa5 Rxf2 36. Ra7+ Ke6 37. Rxg7 Rxa2 38. Rb7 Rxh2 39. Rb6+ Kf7 40. Rxb4 h5 41. Rc4 h4 42. gxh4 Rxh4+ 43. Kd5 Rh5+ 44. Kd6 Re5 45. e4 Rb5 46. b4 f5 47. exf5 Rxf5 48. Re4 Rf1 49. b5 Rb1 50. Kc6 Rc1+ 51. Kb7 Rb1 52. b6 Rc1 53. Ka7 Ra1+ 54. Kb8 Rb1 55. b7 Rc1 56. Ra4 Ke7 57. Ka8 1-0

[Event "GBR-ch111 Major Open"]
[Site "Liverpool"]
[Date "2025.08.09"]
[Round "8.39"]
[White "Mittal, Advik"]
[Black "Gadzhiev, Farid"]
[Result "1/2-1/2"]
[WhiteElo "1806"]
[BlackElo "1978"]
[PlyCount "80"]
[EventDate "2025.08.02"]
[EventType "swiss"]
[EventRounds "9"]
[EventCountry "GBR"]
[SourceTitle "BritBase"]
[Source "John Saunders"]
[SourceDate "2025.08.11"]
[SourceVersion "1"]
[SourceVersionDate "2025.08.11"]
[SourceQuality "1"]

1. d4 Nf6 2. Bf4 g6 3. e3 Bg7 4. h3 d6 5. Nf3 c5 6. c3 cxd4 7. exd4 O-O 8. Be2 Qb6 9. Qb3 Be6 10. Qxb6 axb6 11. Na3 Ne4 12. Nd2 Nxc3 13. bxc3 Rxa3 14. Nb1 Rxa2 15. Rxa2 Bxa2 16. O-O Rc8 17. Bf3 Rc7 18. Be3 Nd7 19. Nd2 h6 20. Ra1 Bc4 21. Bxb7 Rxb7 22. Nxc4 Rc7 23. Ra8+ Kh7 24. Rd8 Rxc4 25. Rxd7 Bf6 26. Bd2 Ra4 27. Kf1 Ra2 28. Ke1 Kg7 29. Rb7 Ra6 30. Ke2 d5 31. f4 h5 32. g3 e6 33. Rb8 Be7 34. Rb7 Ba3 35. Kd3 Bd6 36. Ke2 Kf6 37. Rd7 Bf8 38. Rb7 Bh6 39. Rb8 Kf5 40. Kf3 Kf6 1/2-1/2

[Event "GBR-ch111 Major Open"]
[Site "Liverpool"]
[Date "2025.08.09"]
[Round "8.40"]
[White "Ashworth, Robert M"]
[Black "Nguyen, Lam Vy Le"]
[Result "1-0"]
[WhiteElo "1951"]
[BlackElo "1807"]
[PlyCount "87"]
[EventDate "2025.08.02"]
[EventType "swiss"]
[EventRounds "9"]
[EventCountry "GBR"]
[SourceTitle "BritBase"]
[Source "John Saunders"]
[SourceDate "2025.08.11"]
[SourceVersion "1"]
[SourceVersionDate "2025.08.11"]
[SourceQuality "1"]

1. e4 e5 2. Nf3 Nc6 3. Bc4 Bc5 4. c3 Nf6 5. d3 d6 6. O-O O-O 7. a4 a5 8. Nbd2 h6 9. h3 Be6 10. Re1 Bb6 11. Bb3 Re8 12. Nc4 Bxc4 13. Bxc4 Qd7 14. Nh4 d5 15. exd5 Nxd5 16. Qf3 Rad8 17. Nf5 Nf4 18. Qg4 g6 19. Nxh6+ Kg7 20. Bxf4 Qxg4 21. hxg4 exf4 22. Nxf7 Rxe1+ 23. Rxe1 Rf8 24. Ng5 Nd8 25. Ne6+ Nxe6 26. Rxe6 Bc5 27. d4 Bd6 28. Bd5 b6 29. Kf1 Rd8 30. Be4 Kf7 31. Rxg6 Rh8 32. Kg1 Re8 33. f3 Rh8 34. Rg5 Kf6 35. Rf5+ Ke6 36. c4 Ke7 37. c5 bxc5 38. dxc5 Rb8 39. cxd6+ cxd6 40. g5 Rxb2 41. g6 Rb8 42. Bd5 Rc8 43. g7 Rc1+ 44. Kh2 1-0

[Event "GBR-ch111 Major Open"]
[Site "Liverpool"]
[Date "2025.08.09"]
[Round "8.41"]
[White "Whittington, Reece W"]
[Black "Davis, Cameron"]
[Result "1/2-1/2"]
[WhiteElo "1778"]
[BlackElo "1944"]
[PlyCount "82"]
[EventDate "2025.08.02"]
[EventType "swiss"]
[EventRounds "9"]
[EventCountry "GBR"]
[SourceTitle "BritBase"]
[Source "John Saunders"]
[SourceDate "2025.08.11"]
[SourceVersion "1"]
[SourceVersionDate "2025.08.11"]
[SourceQuality "1"]

1. d4 Nc6 2. c4 e5 3. d5 Nce7 4. e4 Ng6 5. Nc3 Bc5 6. Nf3 Nf6 7. Be2 d6 8. O-O a5 9. Bd2 O-O 10. Re1 Bd7 11. Qc2 Bg4 12. h3 Bxf3 13. Bxf3 Bb4 14. Ne2 Bxd2 15. Qxd2 b6 16. g3 Nd7 17. h4 Re8 18. Nc3 Ngf8 19. Bd1 Nc5 20. Ba4 Re7 21. Bc6 Rb8 22. h5 h6 23. Kg2 Nh7 24. f3 Qc8 25. g4 Ng5 26. Qe2 Qf8 27. Rh1 Qc8 28. Rhf1 Qa6 29. Bb5 Qa7 30. Bc6 Qa6 31. Bb5 Qa7 32. Bc6 Rf8 33. Nd1 Qb8 34. Ne3 g6 35. Rh1 Kg7 36. Nf1 Qc8 37. Ng3 Qd8 38. Qe3 Rh8 39. Raf1 Qf8 40. Qe2 Qd8 41. Qe3 Qf8 1/2-1/2

[Event "GBR-ch111 Major Open"]
[Site "Liverpool"]
[Date "2025.08.09"]
[Round "8.42"]
[White "Sedykh, Stakhey"]
[Black "Hughes, Padraig"]
[Result "0-1"]
[WhiteElo "1756"]
[BlackElo "1877"]
[PlyCount "74"]
[EventDate "2025.08.02"]
[EventType "swiss"]
[EventRounds "9"]
[EventCountry "GBR"]
[SourceTitle "BritBase"]
[Source "John Saunders"]
[SourceDate "2025.08.11"]
[SourceVersion "1"]
[SourceVersionDate "2025.08.11"]
[SourceQuality "1"]

1. e4 d5 2. exd5 Nf6 3. Nc3 Bg4 4. Be2 Bxe2 5. Qxe2 a6 6. d6 Qxd6 7. Nf3 Nc6 8. d3 O-O-O 9. Be3 e5 10. O-O Nd5 11. Ne4 Qd7 12. d4 Qg4 13. Bg5 f6 14. h3 Qh5 15. Ng3 Qg6 16. c4 Nxd4 17. Nxd4 exd4 18. Bd2 Nb4 19. Bxb4 Bxb4 20. a3 Rhe8 21. Qf3 Bd6 22. Nf5 Be5 23. Qd3 Qf7 24. f4 Bd6 25. Qxd4 Kb8 26. c5 Bf8 27. Qc3 Qd5 28. Ng3 Bxc5+ 29. Kh2 Re3 30. Qc2 Rd3 31. Ne4 Be3 32. Nc3 Qc6 33. Rad1 Bxf4+ 34. Kg1 Rd2 35. Rxd2 Rxd2 36. Qe4 Qxe4 37. Nxe4 Be3+ 0-1

[Event "GBR-ch111 Major Open"]
[Site "Liverpool"]
[Date "2025.08.09"]
[Round "8.43"]
[White "Perkins, Chris"]
[Black "Liu, Jacob"]
[Result "0-1"]
[WhiteElo "1747"]
[BlackElo "1859"]
[PlyCount "52"]
[EventDate "2025.08.02"]
[EventType "swiss"]
[EventRounds "9"]
[EventCountry "GBR"]
[SourceTitle "BritBase"]
[Source "John Saunders"]
[SourceDate "2025.08.11"]
[SourceVersion "1"]
[SourceVersionDate "2025.08.11"]
[SourceQuality "1"]

1. e4 e6 2. d4 d5 3. Bd3 c5 4. exd5 exd5 5. c3 cxd4 6. cxd4 Bd6 7. Nc3 Ne7 8. Nge2 O-O 9. O-O a6 10. Bf4 Nbc6 11. Rc1 h6 12. Qd2 Bb8 13. Bb1 Ba7 14. a3 Nf5 15. Qd3 h5 16. Qf3 g6 17. Bxf5 Bxf5 18. Nxd5 Bg4 19. Qb3 Bxe2 20. Rfe1 Na5 21. Qg3 Qxd5 22. Rxe2 Nb3 23. Rce1 Nxd4 24. Rd2 Rac8 25. Rd3 Bb8 26. Bxb8 Ne2+ 0-1

[Event "GBR-ch111 Major Open"]
[Site "Liverpool"]
[Date "2025.08.09"]
[Round "8.44"]
[White "Wainwright, Charlie"]
[Black "Gorskovs, Andrejs"]
[Result "0-1"]
[WhiteElo "1743"]
[BlackElo "1844"]
[PlyCount "74"]
[EventDate "2025.08.02"]
[EventType "swiss"]
[EventRounds "9"]
[EventCountry "GBR"]
[SourceTitle "BritBase"]
[Source "John Saunders"]
[SourceDate "2025.08.11"]
[SourceVersion "1"]
[SourceVersionDate "2025.08.11"]
[SourceQuality "1"]

1. e4 e5 2. Nf3 Nc6 3. Nc3 Nf6 4. h3 g6 5. Bb5 Bg7 6. d3 d6 7. Be3 a6 8. Ba4 b5 9. Bb3 Na5 10. O-O O-O 11. Nd2 Nxb3 12. axb3 Bb7 13. Re1 d5 14. exd5 Nxd5 15. Nde4 Nxe3 16. fxe3 Qe7 17. Nd2 f5 18. e4 f4 19. Qf3 g5 20. Rac1 Qf7 21. Rf1 h5 22. g4 hxg4 23. hxg4 Bc8 24. Kf2 Be6 25. Rh1 Qd7 26. Rcg1 Kf7 27. Ke2 Rh8 28. Rh5 Rxh5 29. gxh5 g4 30. Qh1 Bh6 31. Rf1 Qd4 32. Kd1 c6 33. Kc1 a5 34. Ne2 Qe3 35. Qh2 f3 36. Nc3 Bf4 37. Nd1 Qe2 0-1

[Event "GBR-ch111 Major Open"]
[Site "Liverpool"]
[Date "2025.08.09"]
[Round "8.45"]
[White "Swiatkowski, Dominik"]
[Black "Mortazavi, Sami"]
[Result "1/2-1/2"]
[WhiteElo "1843"]
[BlackElo "1805"]
[PlyCount "79"]
[EventDate "2025.08.02"]
[EventType "swiss"]
[EventRounds "9"]
[EventCountry "GBR"]
[SourceTitle "BritBase"]
[Source "John Saunders"]
[SourceDate "2025.08.11"]
[SourceVersion "1"]
[SourceVersionDate "2025.08.11"]
[SourceQuality "1"]

1. e4 g6 2. d4 Bg7 3. Nf3 d6 4. Bc4 Nf6 5. Nc3 O-O 6. O-O Nxe4 7. Nxe4 d5 8. Bd3 dxe4 9. Bxe4 Nd7 10. c3 c5 11. Be3 Nf6 12. Bc2 Ng4 13. Qe2 Nxe3 14. fxe3 Qb6 15. Bb3 Bg4 16. Qf2 Bxf3 17. Qxf3 e6 18. Rf2 a5 19. Raf1 a4 20. Bc2 a3 21. b3 Rad8 22. Be4 Rd7 23. h4 Qa5 24. Rc2 Qb6 25. Rcf2 Qa5 26. Rc2 Qc7 27. Rcf2 h5 28. Bb1 Qd8 29. g3 b6 30. Kg2 e5 31. dxe5 Rd2 32. c4 Bxe5 33. Rxd2 Qxd2+ 34. Rf2 Qd6 35. Be4 Kg7 36. Bd5 Qe7 37. Qe2 Qd6 38. Qf3 Qc7 39. Rf1 Qe7 40. Rf2 1/2-1/2

[Event "GBR-ch111 Major Open"]
[Site "Liverpool"]
[Date "2025.08.09"]
[Round "8.46"]
[White "Cann, Arthur"]
[Black "Sheikh, Anum"]
[Result "0-1"]
[WhiteElo "1677"]
[BlackElo "1842"]
[PlyCount "82"]
[EventDate "2025.08.02"]
[EventType "swiss"]
[EventRounds "9"]
[EventCountry "GBR"]
[SourceTitle "BritBase"]
[Source "John Saunders"]
[SourceDate "2025.08.11"]
[SourceVersion "1"]
[SourceVersionDate "2025.08.11"]
[SourceQuality "1"]

1. d4 d5 2. c4 dxc4 3. e3 Nf6 4. Bxc4 e6 5. Nf3 a6 6. O-O b5 7. Be2 Bb7 8. Bd2 Nbd7 9. b4 Nb6 10. Bc3 Ne4 11. a3 Be7 12. Qc2 Nxc3 13. Nxc3 O-O 14. Ne4 Bxe4 15. Qxe4 Qd5 16. Bd3 f5 17. Qxd5 exd5 18. Ne5 Bd6 19. Nc6 Rae8 20. Na5 f4 21. exf4 Rxf4 22. Nb3 Rh4 23. g3 Rh6 24. Nc5 Bxc5 25. dxc5 Na4 26. Rfe1 Rhe6 27. Kf1 g6 28. Be2 h5 29. Bf3 Nc3 30. g4 Ne4 31. Kg2 hxg4 32. Bxg4 R6e7 33. f3 Nc3 34. Rxe7 Rxe7 35. Bc8 Re2+ 36. Kg3 d4 37. Bxa6 d3 38. Bxb5 Nxb5 39. Rd1 d2 40. f4 Nc3 41. Kf3 Rxh2 0-1

[Event "GBR-ch111 Major Open"]
[Site "Liverpool"]
[Date "2025.08.09"]
[Round "8.47"]
[White "Walker, Elmira"]
[Black "Ding, Yicheng"]
[Result "0-1"]
[WhiteElo "1813"]
[BlackElo "1793"]
[PlyCount "124"]
[EventDate "2025.08.02"]
[EventType "swiss"]
[EventRounds "9"]
[EventCountry "GBR"]
[SourceTitle "BritBase"]
[Source "John Saunders"]
[SourceDate "2025.08.11"]
[SourceVersion "1"]
[SourceVersionDate "2025.08.11"]
[SourceQuality "1"]

1. e4 c5 2. Nf3 d6 3. d4 cxd4 4. Nxd4 Nf6 5. Nc3 a6 6. h3 e6 7. g4 h6 8. Bg2 Be7 9. h4 g6 10. g5 Ng8 11. f4 e5 12. Nf3 Bg4 13. Nd5 Nc6 14. c3 exf4 15. Bxf4 hxg5 16. Bxg5 Bxg5 17. hxg5 Rxh1+ 18. Bxh1 Nce7 19. Qd2 Nxd5 20. exd5 Qe7+ 21. Kf2 O-O-O 22. Re1 Qc7 23. Qf4 Bf5 24. Nd4 Ne7 25. Nxf5 Nxf5 26. Be4 Ng7 27. Qe3 Kb8 28. Qd4 Ne8 29. Bd3 Qd7 30. Re3 Nc7 31. c4 Re8 32. Rf3 Qe7 33. Qe3 Qd7 34. Qf4 Re7 35. b3 a5 36. Re3 Na6 37. a3 Nc5 38. Be2 Rxe3 39. Qxe3 Qd8 40. Qf4 Qe7 41. b4 axb4 42. axb4 Nd7 43. c5 Ne5 44. Kg3 Ka7 45. Qe3 Kb8 46. c6 bxc6 47. Qb6+ Kc8 48. Kf4 Qd7 49. Qa6+ Kd8 50. Qa8+ Ke7 51. dxc6 Nxc6 52. Qh8 Qe6 53. Qa8 Qe5+ 54. Kg4 Qxe2+ 55. Kf4 Qd2+ 56. Kg3 Qc3+ 57. Kf4 Qc2 58. Qb7+ Kf8 59. Qc8+ Kg7 60. Qc7 Qf5+ 61. Ke3 Qxg5+ 62. Ke2 Qe5+ 0-1

[Event "GBR-ch111 Major Open"]
[Site "Liverpool"]
[Date "2025.08.09"]
[Round "8.48"]
[White "Saxena, Samidh"]
[Black "Hanlon, Shay"]
[Result "0-1"]
[WhiteElo "1445"]
[BlackElo "1809"]
[PlyCount "62"]
[EventDate "2025.08.02"]
[EventType "swiss"]
[EventRounds "9"]
[EventCountry "GBR"]
[SourceTitle "BritBase"]
[Source "John Saunders"]
[SourceDate "2025.08.11"]
[SourceVersion "1"]
[SourceVersionDate "2025.08.11"]
[SourceQuality "1"]

1. e4 c6 2. d4 d5 3. Nc3 dxe4 4. Nxe4 Nf6 5. Nxf6+ exf6 6. Nf3 Bd6 7. Be3 O-O 8. Bc4 Re8 9. Qd2 Nd7 10. O-O Nf8 11. h3 Ng6 12. d5 c5 13. Bb5 Re7 14. Bd3 Qc7 15. Bxg6 hxg6 16. Rfe1 g5 17. g4 Bd7 18. Qc3 Rae8 19. Bd2 b5 20. Rxe7 Rxe7 21. Re1 Rxe1+ 22. Bxe1 c4 23. Qa5 Qxa5 24. Bxa5 Bc5 25. Nd2 f5 26. b4 Bd6 27. gxf5 Bxf5 28. Nf3 Bxc2 29. Nxg5 Bd3 30. Nf3 c3 31. Ne1 Be4 0-1

[Event "GBR-ch111 Major Open"]
[Site "Liverpool"]
[Date "2025.08.09"]
[Round "8.49"]
[White "Ellson, Louie"]
[Black "Pyun, Lindsay"]
[Result "1/2-1/2"]
[WhiteElo "1807"]
[BlackElo "1762"]
[PlyCount "102"]
[EventDate "2025.08.02"]
[EventType "swiss"]
[EventRounds "9"]
[EventCountry "GBR"]
[SourceTitle "BritBase"]
[Source "John Saunders"]
[SourceDate "2025.08.11"]
[SourceVersion "1"]
[SourceVersionDate "2025.08.11"]
[SourceQuality "1"]

1. d4 d5 2. c4 c6 3. Nc3 Nf6 4. Nf3 e6 5. Bg5 h6 6. Bh4 Be7 7. e3 O-O 8. Qc2 Nbd7 9. Rd1 Nh5 10. Bxe7 Qxe7 11. Be2 Nhf6 12. b3 b6 13. e4 dxe4 14. Nxe4 Bb7 15. Nxf6+ Nxf6 16. Ne5 Rfd8 17. O-O c5 18. Qb2 cxd4 19. Rxd4 Rxd4 20. Qxd4 Rd8 21. Qb2 Qd6 22. Bf3 Bxf3 23. Nxf3 Ne4 24. h3 Nd2 25. Nxd2 Qxd2 26. Qa3 Rd7 27. Qa6 Kh7 28. Qb5 Rd3 29. Qe5 Rd7 30. Qe4+ Kg8 31. Qb1 Qe2 32. Re1 Qd3 33. Qxd3 Rxd3 34. Re2 Kf8 35. Rc2 Rd1+ 36. Kh2 g5 37. c5 bxc5 38. Rxc5 Rd2 39. Ra5 Rd7 40. g4 Kg7 41. b4 Kf6 42. a4 Rb7 43. b5 Ke7 44. Ra6 Kf6 45. Kg3 Ke5 46. Rc6 Kd5 47. Rc8 a6 48. Rf8 axb5 49. axb5 Ke5 50. Rh8 Rxb5 51. Rxh6 f6 1/2-1/2

[Event "GBR-ch111 Major Open"]
[Site "Liverpool"]
[Date "2025.08.09"]
[Round "8.50"]
[White "Vaidyanathan, Sathya"]
[Black "Berkley, Stephen W"]
[Result "0-1"]
[WhiteElo "1915"]
[BlackElo "1748"]
[PlyCount "78"]
[EventDate "2025.08.02"]
[EventType "swiss"]
[EventRounds "9"]
[EventCountry "GBR"]
[SourceTitle "BritBase"]
[Source "John Saunders"]
[SourceDate "2025.08.11"]
[SourceVersion "1"]
[SourceVersionDate "2025.08.11"]
[SourceQuality "1"]

1. e4 e6 2. d4 d5 3. Bd3 dxe4 4. Bxe4 Nf6 5. Bf3 Nbd7 6. Ne2 Bd6 7. O-O e5 8. Nbc3 O-O 9. Be3 exd4 10. Nxd4 Ne5 11. Be2 Neg4 12. h3 Nxe3 13. fxe3 c6 14. Bd3 Re8 15. Qf3 Bc5 16. Nce2 Qe7 17. e4 Qe5 18. c3 Bd7 19. Rae1 Re7 20. Kh1 Bd6 21. Qf4 Qxf4 22. Nxf4 Rae8 23. Kg1 Nxe4 24. Bxe4 Rxe4 25. Rxe4 Rxe4 26. Nd3 Re3 27. Nf4 c5 28. Nb3 Bb5 29. Rf2 Re1+ 30. Kh2 g5 31. g3 gxf4 32. gxf4 Re2 33. Rxe2 Bxf4+ 34. Kg2 Bxe2 35. Nxc5 Bc4 36. b3 Bd6 37. Nd7 Bd5+ 38. Kf2 Kg7 39. Ke3 Be6 0-1